000 01738nas a2200445 i 4500
001 196001
003 ES-MaACL
005 20250727144643.0
007 ta
008 240809d19942005sp fu p _ 0uuub0spa
016 7 _abiseBNE19940340333
_2SpMaBN
016 _aBNE20030231624
016 _aBNE20031923128
017 _aAB 264-1996
_bOficina Depósito Legal Albacete
022 0 _a1134-3117
035 _a(OCoLC)436597253
037 _bApdo. 3255, 28080
040 _aSpMaBN
_bspa
_cSpMaBN
_erdc
080 _a016:78
080 _a016:78(460)
245 0 0 _aBIME :
_bBibliografía Musical Española (1994-1995) /
_cedición preparada por José Ignacio Cano Martín, M.ª José González Ribot, Cristina Marcos Patiño
260 _aMadrid :
_bAsociación Española de Documentación Musical,
_c[1996]
300 _a622 páginas :
_c21 cm.
336 _2rdacontent
_atexto
337 _2rdamedia
_asin mediación
338 _2rdacarrier
_avolumen
650 7 _aMúsica-
_vBibliografías
_2embne
_915378
655 7 _aBibliografías
_2tgfbne
_9226825
700 1 _aCano Martín, José Ignacio
_epbl
_9240042
700 1 _aGonzález Ribot, María José,
_d1963-
_epbl
_9240043
700 1 _aMarcos Patiño, Cristina
_epbl
_9240044
710 _aAsociación Española de Documentación Musical
_eedt
_9237964
852 _aES-MaACL
_bR.153441
_cDEPOJ
_jN-9121
_hDonación: Biblioteca Nacional de España
_9205030
883 1 _aCotejo registros de fondos y signatura-ítem
_d20220521
914 _aBiblioteca Nacional de España
_ednr
_9234950
942 _cMONOGRAFIA
_n0
999 _c196001
_d196001